01471nam a2200349Ia 4500001001200000003000800012006001900020007001500039008004100054010001700095020002300112020003500135040002100170035002100191050002600212082001700238245015400255260007100409300001100480500002000491533015200511650005500663650005700718650007500775655002900850700002200879700002500901700003500926710001700961856012600978999001701104ebr10021509CaPaEBRm u cr cn|||||||||000525s2001 mdu s 001 0 eng d z 00042405  z080187517X (eBook) z0801864682 (pbk. : alk. paper) aCaPaEBRcCaPaEBR a(OCoLC)55953204414aGF504.C54bD47 2001eb04a975.5/1822100aDiscovering the Chesapeakeh[electronic resource] :bthe history of an ecosystem /cedited by Philip D. Curtin, Grace S. Brush, and George W. Fisher. aBaltimore, Md. ;aLondon :bJohns Hopkins University Press,c2001. a417 p. aIncludes index. aElectronic reproduction.bPalo Alto, Calif. :cebrary,d2009.nAvailable via World Wide Web.nAccess may be limited to ebrary affiliated libraries. 0aHuman ecologyzChesapeake Bay Region (Md. and Va.) 0aNatural historyzChesapeake Bay Region (Md. and Va.) 0aNaturexEffect of human beings onzChesapeake Bay Region (Md. and Va.) 7aElectronic books.2local1 aCurtin, Philip D.1 aBrush, Grace Somers.1 aFisher, George Wescott,d1937-2 aebrary, Inc.40uhttp://site.ebrary.com/lib/rucke/Doc?id=10021509zAn electronic book accessible through the World Wide Web; click to view c10228d10228